[Event "Iraklio SOI op-A 8th"]
[Site "Iraklio"]
[Date "2013.05.07"]
[Round "2"]
[White "Eleftherakis, Stavros"]
[Black "Stivaktakis, Georgios"]
[Result "1-0"]
[WhiteElo "1898"]
[BlackElo "1466"]
[PlyCount "45"]
[EventDate "2013.05.06"]
[EventType "swiss"]
[EventRounds "7"]
[EventCountry "GRE"]
[SourceTitle "EXT 2024"]
[Source "ChessBase"]
[SourceDate "2023.10.10"]
[SourceVersion "1"]
[SourceVersionDate "2023.10.10"]
[SourceQuality "1"]

1. e4 e5 2. Nf3 Nc6 3. Bb5 Nf6 4. 0-0 a6 5. Bxc6 dxc6 6. Nxe5 Nxe4 7. d4 Be6 8. Re1 Nf6 9. Bg5 h6 10. Bh4 Be7 11. Ng6 fxg6 12. Rxe6 0-0 13. c3 Qd7 14. Qb3 Kh7 15. Nd2 Rae8 16. Rae1 b5 17. Nf3 g5 18. Bg3 Nh5 19. Ne5 Qc8 20. Qc2+ Kg8 21. Ng6 Bf6 22. Nxf8 Rxf8 23. Qg6 1-0